00522nam a22001697a 450000500170000001000150001702000260003203500140005803700130007208200130008510000230009824500890012126000350021027000790024530000220032450000060034620201110111946.0 aENG-127586 a9789351952770c350.00 aEN-111118 bDBAD/PUB a613.7046 aBillimoria, Ayesha aRun:bThe Ultimate mind-body fitness guide/cby Ayesha BIllimore [and] Dhvani Solani aGurugrambHachette Indiac2019 bGurugrama4th & 5th floor , corporate centre, plot no-94,sector-44e122003 a161p.b20 cm(pbk) a